000
00253nam a2200097Ia 4500
008
190216s9999||||xx |||||||||||||| ||und||
100
_a
Calfine Claino
245
0
_a
Sangethika Padangal Telephone Prathishtapanam
260
_b
Bhasha Institute
942
_c
BK
999
_c
38772
_d
38772